Gaming Quiz

Random Gaming or Color Quiz

Magic: The Gathering Cycles (Sixth Edition) Quiz Stats

 Plays Quiz not verified by Sporcle

Also try: Minecraft Crafting
Challenge
Share
Tweet
Embed
Score 0/25 Timer 06:00
0 Plays Today
Cycle Name Card Name % Correct
Circles of ProtectionCircle of Protection: White
100%
Circles of ProtectionCircle of Protection: Blue
100%
Circles of ProtectionCircle of Protection: Black
100%
Circles of ProtectionCircle of Protection: Red
100%
Circles of ProtectionCircle of Protection: Green
100%
DiamondsSky Diamond
80%
DiamondsCharcoal Diamond
80%
DiamondsFire Diamond
80%
DiamondsMoss Diamond
80%
Fallen Empires Sac LandsEbon Stronghold
80%
Lucky CharmsThrone of Bone
80%
Lucky CharmsWooden Sphere
80%
PainlandsAdarkar Wastes
80%
Cycle Name Card Name % Correct
PainlandsSulfurous Springs
80%
PainlandsKarplusan Forest
80%
PainlandsBrushland
80%
DiamondsMarble Diamond
60%
Fallen Empires Sac LandsSvyelunite Temple
60%
Fallen Empires Sac LandsRuins of Trokair
60%
Fallen Empires Sac LandsHavenwood Battleground
60%
Lucky CharmsIvory Cup
60%
Lucky CharmsCrystal Rod
60%
Lucky CharmsIron Star
60%
PainlandsUnderground Sea
60%
Fallen Empires Sac LandsDwarven Ruins
40%

You're not logged in!

Compare scores with friends on all Sporcle quizzes.
OR
Log In

You Might Also Like...

Show Comments

Extras

Top Quizzes Today


Score Distribution

Your Account Isn't Verified!

In order to create a playlist on Sporcle, you need to verify the email address you used during registration. Go to your Sporcle Settings to finish the process.

Report this User

Report this user for behavior that violates our Community Guidelines.

Details: